000
00264nam a2200097Ia 4500
001
689919
005
20250826161806.0
008
250824s9999 xx 000 0 und d
245
0
_a
MAHALLE KAHVESİ
_c
SAİT FAİK ABASIYANIK
260
_b
TÜRKİYE İŞ BANKASI YAYINLARI
999
_c
689919
_d
689919